00425nam a2200157Ia 450000500170000000800410001704000190005804100120007708200130008910000230010224500570012526000390018230000100022165000250023185000110025620230912095430.0131103s9999 xx 000 0 und d aLoreto College aEnglish a232bSAY aSayers, Dorothy L. 4aThe Greatest Drama Ever Stagedcby Dorothy L. Sayers aLondonbHodder and stoughtonc1938 a47p.  aReligion - christian aLCLIB